• 首页
  • 本馆介绍
  • 公告通知
  • 最新文献
  • 馆藏检索
  • 电子资源
  • 读者导购
  • 参考咨询
  • 我的图书馆
  • 登录
  • 详细信息显示
  • 放入我的书架
  • 预约/预借图书
  • 作者相关作品
  • 分类相关作品
  • 丛书相关作品
  • 出版社相关作品

书目信息

  • 表格格式
  • 工作单格式
  • 卡片格式
题名:
大学生体质健康锻炼与常见运动伤病防治研究
    
 
作者: 段连丽 著
分册:  
出版信息: 长春   吉林大学出版社  2022.01
页数: 168页
开本: 24cm
丛书名:
单 册:
中图分类: G807.4 , R873
科图分类:
主题词: 大学生--Da Xue Sheng--身体素质--健康教育--研究 , 大学生--Da Xue Sheng--运动性疾病--损伤--防治--研究
电子资源:
ISBN: 978-7-5692-8222-1
000 01332nam0 2200289 450
001 012001000303
005 20141201131144.0
010    @a978-7-5692-8222-1@dCNY48.00
099    @aCAL 012022045925
100    @a20220905d2022 em y0chiy50 ea
101 0  @achi
102    @aCN@b220000
105    @aa a 000yy
106    @ar
200 1  @a大学生体质健康锻炼与常见运动伤病防治研究@Ada xue sheng ti zhi jian kang duan lian yu chang jian yun dong shang bing fang zhi yan jiu@f段连丽著
210    @a长春@c吉林大学出版社@d2022.01
215    @a168页@c照片@d24cm
320    @a有书目 (第165-168页)
330    @a本书分九章。第一章从体质与健康、体质健康测试方案实施细则和影响因素三大方面简要解读了大学生体质健康。第二章到第五章主要从大学生体质健康与锻炼、心理健康、身体素质锻炼及不同体质大学生群体体育锻炼四大方面对大学生体质健康锻炼进行了系统论述。第六章到第七章主要对大学生体质健康锻炼中常见运动疾病与损伤的防治进行了详细阐述。第八章到第九章主要探讨了大学生体质健康与运动康复、运动处方的相关知识。
333    @a本书适用于大学生健康教育研究者
606 0  @a大学生@ADa Xue Sheng@x身体素质@x健康教育@x研究
606 0  @a大学生@ADa Xue Sheng@x运动性疾病@x损伤@x防治@x研究
690    @aG807.4@v5
690    @aR873@v5
701  0 @a段连丽@Aduan lian li@4著
801  0 @aCN@bAHXH@c20221111
905    @b1369107-11@dG807.4@e2037@f5
    
    大学生体质健康锻炼与常见运动伤病防治研究/段连丽著.-长春:吉林大学出版社,2022.01
    168页:照片;24cm
    使用对象:本书适用于大学生健康教育研究者
    
    ISBN 978-7-5692-8222-1:CNY48.00
    本书分九章。第一章从体质与健康、体质健康测试方案实施细则和影响因素三大方面简要解读了大学生体质健康。第二章到第五章主要从大学生体质健康与锻炼、心理健康、身体素质锻炼及不同体质大学生群体体育锻炼四大方面对大学生体质健康锻炼进行了系统论述。第六章到第七章主要对大学生体质健康锻炼中常见运动疾病与损伤的防治进行了详细阐述。第八章到第九章主要探讨了大学生体质健康与运动康复、运动处方的相关知识。
●
相关链接 在E读中查询图书 在五车中查询图书 在当当中查询图书 在豆瓣中查询图书


正题名:大学生体质健康锻炼与常见运动伤病防治研究     索取号:G807.4/2037         预约/预借

序号 登录号 条形码 馆藏地/架位号 状态 备注
1 1369107   213691076   第一样本阅览室/ [索取号:G807.4/2037] 在馆    
2 1369108   213691085   教育系资料室/ [索取号:G807.4/2037] 在馆    
3 1369109   213691094   教育系资料室/ [索取号:G807.4/2037] 在馆    
4 1369110   213691101   第四借阅区/ [索取号:G807.4/2037] 在馆    
5 1369111   213691110   第四借阅区/ [索取号:G807.4/2037] 在馆    
唐山师范学院图书馆 欢迎您!
大连网信软件有限公司© 版权所有